Sports Quiz

Random Sports or WWE Quiz

WWF/WWE Hardcore Champions Quiz Stats

Quiz not verified by Sporcle

Also try: World Cup Winners
Challenge
Share
Tweet
Embed
Score 0/21 Timer 10:00
0 Plays Today
% Correct
Al Snow
74.3%
Jeff Hardy
74.3%
Tommy Dreamer
69.9%
Shane McMahon
68.3%
Test
67.2%
The Undertaker
66.7%
Bradshaw
66.1%
Goldust
63.9%
Christian
62.8%
Mike Awesome
61.2%
Justin Credible
59%
% Correct
Pete Gas
56.8%
K-Kwick
55.2%
Matt Hardy
54.1%
Viscera
52.5%
Kurt Angle
51.4%
Trish Stratus
50.8%
Chris Jericho
50.3%
Christopher Nowinski
42.1%
Thrasher
39.3%
Shawn Stasiak
37.2%

You're not logged in!

Compare scores with friends on all Sporcle quizzes.
Join for Free
OR
Log In

You Might Also Like...

Show Comments

Extras

Top Quizzes Today


Score Distribution

Your Account Isn't Verified!

In order to create a playlist on Sporcle, you need to verify the email address you used during registration. Go to your Sporcle Settings to finish the process.

Report this User

Report this user for behavior that violates our Community Guidelines.

Details: